| 000 | 00961cam a2200301 4500 | ||
|---|---|---|---|
| 001 | B3123 | ||
| 008 | 090401t1990 xxu||||| |||| 00| 0 eng d | ||
| 035 | _a(Sirsi) u54121 | ||
| 041 | _aeng | ||
| 050 | _a624.194094223 | ||
| 090 | _aRICS 1990/31ABCD | ||
| 110 |
_aInstitution and College Conferences _92330 |
||
| 245 | _aLocation, location, location! Will the Channel Tunnel change your perspective. (Conference at RICS) 26-27 April 1990 | ||
| 260 |
_bICC _c1990 |
||
| 300 | _a3 papers | ||
| 350 | _a9.95 | ||
| 520 | _aPlanning and Development Division. Papers by Bendixson,Terence , Roberts,Hugh and Turner,Elyot C. Conference sponsored by Weatherall Green and Smith. | ||
| 650 | _aCHANNEL TUNNEL | ||
| 650 | _aCONFERENCE | ||
| 650 | _aEUROPE | ||
| 650 | _aFRANCE | ||
| 650 | _aNORD PAS-DE-CALAIS | ||
| 650 | _aPLANNING | ||
| 650 | _aROYAL INSTITUTION OF CHARTERED SURVEYORS | ||
| 650 | _aTRANSPORT | ||
| 942 | _n0 | ||
| 948 | _c04/03/1997 | ||
| 999 |
_c93425 _d93425 |
||